000 00722npc a2200205Ia 4500
001 db17-48635
003 IT-MiCISF
008 161014s9999||||xx | und||
040 _aIT-MiCISF
_cIT-MiCISF
041 _ait
100 _aAA.VV.
245 0 _aRelazione del Ministro della Salute sulla attuazione della legge contenente norme per la tutela sociale della maternità e per l'interruzione volontaria della gravidanza (legge 194/78)
_bDati preliminari 2001-Dati definitivi 2000 #
250 _a1a ed.
260 _bMinistero della Salute
_c2002
300 _app. 67
500 _aMinistero della Salute / aborto, statistica, società /
650 _aaborto
942 _cDD
957 _71
999 _a48635
_bsi
_g1
_c208442
_d208442